| 000 | 00342nam a2200133 a 4500 | ||
|---|---|---|---|
| 001 | 3883 | ||
| 003 | CDMR | ||
| 005 | 20130116135249.0 | ||
| 008 | 130130s1864||||||||||||||||||||||||||||d | ||
| 040 |
_aCDMR _bcat _cCDMR |
||
| 245 | 0 | _aAlmanaque del Diario de Barcelona para el año 1865 | |
| 260 |
_aBarcelona _c1864 _bDiario de Barcelona |
||
| 942 | _cMON | ||
| 999 |
_c3883 _d3883 |
||